Générique Ulysse 31 - Paroles - Statistiques

Statistiques générales
  • Ce quiz a été pris 158 fois
  • Le résultat moyen est 14 sur 25
Statistiques - réponses
Paroles % Correct
L'{ami} d'Ulysse
84%
L'{ami} d'Ulysse
84%
Je suis {Nono}, le petit robot
83%
Je suis {Nono}, le petit robot
83%
Que les dieux de {l}'{Olympe}
73%
Ulysse, {Ulysse}
70%
Face au mal, face au {bien}
68%
Le 31ème {siècle}
68%
Ulysse, même les {dieux} ne pourront t'arrêter
66%
Avec son coeur, avec ses {mains}
64%
Doit être {puni}
64%
Vivants ! Vous êtes {vivants} !
64%
Papa ! {Papa} !
60%
Tu erres, tu erres {à} {la} {recherche} de la Terre
57%
C'est parce qu'Ulysse avait terrassé le {cyclope}
55%
Jusqu'au royaume {d}'{Hadès}
52%
Et ainsi sauvé {Télémaque}, Thémis et Noumaïos
50%
Vos {corps} resteront inertes
47%
Ulysse, d'univers en {galaxies}
40%
Est effacé de {ma} {mémoire}
36%
Ulysse, le chemin {de} {la} {Terre}
36%
Quiconque ose défier la {puissance} {de} {Zeus}
33%
Ulysse, guidé par la paix, la {vérité}
32%
Imaginèrent cette {terrible} {vengeance}
29%
Tu erreras désormais dans un {monde} {inconnu}
26%
Aucun quiz correspondant
Distribution des résultats
% des personnes avec chaque résultat
Percentile par nombre de réponses
Votre historique - résultats
Vous n’avez pas pris ce quiz